Materiálové vady ocelových nástrojů /

Guardado en:
Detalles Bibliográficos
Autores principales: Koutský, Jaroslav (Autor), Jandoš, František (Autor)
Formato: Libro
Lenguaje:checo
Publicado: Praha : SNTL, 1969
Edición:1.vyd.
Materias:
Etiquetas: Agregar Etiqueta
Sin Etiquetas, Sea el primero en etiquetar este registro!

MARC

LEADER 00000nam a22000003a 4500
001 stu43340
005 20150617225717.0
008 940906s1969----cs------------------cze-d
040 |a STU  |b slo 
041 0 |a cze 
044 |a cs 
080 |a 620.19 
080 |a 669.14 
100 1 |a Koutský, Jaroslav  |4 aut 
245 1 |a Materiálové vady ocelových nástrojů /  |c [aut.]Jaroslav Koutský, František Jandoš 
250 |a 1.vyd. 
260 |a Praha :  |b SNTL,  |c 1969 
300 |a 228 s 
650 7 |a materiály  |2 stusub 
650 7 |a chyby  |2 stusub 
650 7 |a nástroje oceľové  |2 stusub 
700 1 |a Jandoš, František  |4 aut 
996 |b 284M021610  |c M*8733-1  |l MMKN  |s A  |a 24  |w stu43340_0001